<?xml version="1.0" encoding="UTF-8"?>
<collection xmlns="http://www.loc.gov/MARC21/slim">
 <record>
  <leader>02094nam a2200325 a 4500</leader>
  <controlfield tag="001">1/32531</controlfield>
  <controlfield tag="008">070503r20092006gr  d    b    00010 gre d</controlfield>
  <datafield tag="020" ind1=" " ind2=" ">
   <subfield code="a">9602868929</subfield>
  </datafield>
  <datafield tag="035" ind1=" " ind2=" ">
   <subfield code="l">34905</subfield>
  </datafield>
  <datafield tag="040" ind1=" " ind2=" ">
   <subfield code="a">GR-PeUP</subfield>
  </datafield>
  <datafield tag="082" ind1="0" ind2="0">
   <subfield code="a">338.6 WAL ΜΤΦ</subfield>
  </datafield>
  <datafield tag="100" ind1="1" ind2=" ">
   <subfield code="a">Waldman, Don E.</subfield>
  </datafield>
  <datafield tag="245" ind1="1" ind2="0">
   <subfield code="a">Βιομηχανική οργάνωση :</subfield>
   <subfield code="b">Θεωρία &amp; Πράξη /</subfield>
   <subfield code="c">Don E. Waldman, Elizabeth J. Jensen ; μετάφραση Αντιγόνη Αποστολοπούλου ; επιμέλεια Ιωσήφ Χασσίδ, Ειρήνη Φαφαλιού.</subfield>
  </datafield>
  <datafield tag="260" ind1="0" ind2=" ">
   <subfield code="a">Αθήνα :</subfield>
   <subfield code="b">Έλλην,</subfield>
   <subfield code="c">2006, 2009.</subfield>
  </datafield>
  <datafield tag="300" ind1=" " ind2=" ">
   <subfield code="a">2 τ. (xiii, 547· xi, 191 σ. ) :</subfield>
   <subfield code="b">πιν. ;</subfield>
   <subfield code="c">24 εκ.</subfield>
  </datafield>
  <datafield tag="500" ind1=" " ind2=" ">
   <subfield code="a">Τίτλος πρωτοτύπου: Industrial organization - Theory and practice.</subfield>
  </datafield>
  <datafield tag="504" ind1=" " ind2=" ">
   <subfield code="a">Περιέχει βιβλιογραφία.</subfield>
  </datafield>
  <datafield tag="505" ind1="0" ind2=" ">
   <subfield code="a">Τ.1. Βιομηχανική οργάνωση: θεωρία και πράξη. - Τ.2. Βιομηχανική οργάνωση: θεωρία και πράξη, πολιτική ανταγωνισμού- Μελέτες περιπτώσεων.</subfield>
  </datafield>
  <datafield tag="700" ind1="1" ind2=" ">
   <subfield code="a">Αποστολοπούλου, Αντιγόνη.</subfield>
  </datafield>
  <datafield tag="700" ind1="1" ind2=" ">
   <subfield code="a">Χασσίδ, Ιωσήφ.</subfield>
  </datafield>
  <datafield tag="700" ind1="1" ind2=" ">
   <subfield code="a">Jensen, Elizabeth Jane.</subfield>
  </datafield>
  <datafield tag="700" ind1="1" ind2=" ">
   <subfield code="a">Φαφαλιού, Ειρήνη.</subfield>
  </datafield>
  <datafield tag="852" ind1=" " ind2=" ">
   <subfield code="a">INST</subfield>
   <subfield code="b">UNIPILB</subfield>
   <subfield code="c">MAIN</subfield>
   <subfield code="e">20070503</subfield>
   <subfield code="h">338.6 WAL ΜΤΦ</subfield>
   <subfield code="p">00152641</subfield>
   <subfield code="q">00152641</subfield>
   <subfield code="t">LOAN</subfield>
   <subfield code="y">0</subfield>
   <subfield code="4">3</subfield>
  </datafield>
  <datafield tag="852" ind1=" " ind2=" ">
   <subfield code="a">INST</subfield>
   <subfield code="b">UNIPILB</subfield>
   <subfield code="c">MAIN</subfield>
   <subfield code="e">20070503</subfield>
   <subfield code="h">338.6 WAL ΜΤΦ</subfield>
   <subfield code="p">00152642</subfield>
   <subfield code="q">00152642</subfield>
   <subfield code="t">LOAN</subfield>
   <subfield code="y">0</subfield>
   <subfield code="4">2</subfield>
  </datafield>
  <datafield tag="852" ind1=" " ind2=" ">
   <subfield code="a">INST</subfield>
   <subfield code="b">UNIPILB</subfield>
   <subfield code="c">MAIN</subfield>
   <subfield code="e">20070503</subfield>
   <subfield code="h">338.6 WAL ΜΤΦ</subfield>
   <subfield code="p">00152643</subfield>
   <subfield code="q">00152643</subfield>
   <subfield code="t">LOAN</subfield>
   <subfield code="y">4</subfield>
   <subfield code="x">20170622</subfield>
   <subfield code="4">1</subfield>
  </datafield>
  <datafield tag="852" ind1=" " ind2=" ">
   <subfield code="a">INST</subfield>
   <subfield code="b">UNIPILB</subfield>
   <subfield code="c">MAIN</subfield>
   <subfield code="e">20071102</subfield>
   <subfield code="h">338.6 WAL ΜΤΦ</subfield>
   <subfield code="p">00154104</subfield>
   <subfield code="q">00154104</subfield>
   <subfield code="t">LOAN</subfield>
   <subfield code="y">0</subfield>
   <subfield code="4">4</subfield>
  </datafield>
  <datafield tag="852" ind1=" " ind2=" ">
   <subfield code="a">INST</subfield>
   <subfield code="b">UNIPILB</subfield>
   <subfield code="c">MAIN</subfield>
   <subfield code="e">20071102</subfield>
   <subfield code="h">338.6 WAL ΜΤΦ</subfield>
   <subfield code="p">00154105</subfield>
   <subfield code="q">00154105</subfield>
   <subfield code="t">LOAN</subfield>
   <subfield code="y">0</subfield>
   <subfield code="4">1</subfield>
  </datafield>
  <datafield tag="852" ind1=" " ind2=" ">
   <subfield code="a">INST</subfield>
   <subfield code="b">UNIPILB</subfield>
   <subfield code="c">MAIN</subfield>
   <subfield code="e">20110412</subfield>
   <subfield code="h">338.6 WAL ΜΤΦ</subfield>
   <subfield code="p">00162799</subfield>
   <subfield code="q">00162799</subfield>
   <subfield code="t">LOAN</subfield>
   <subfield code="y">23</subfield>
   <subfield code="4">5</subfield>
  </datafield>
  <datafield tag="852" ind1=" " ind2=" ">
   <subfield code="a">INST</subfield>
   <subfield code="b">UNIPILB</subfield>
   <subfield code="c">MAIN</subfield>
   <subfield code="e">20110412</subfield>
   <subfield code="h">338.6 WAL ΜΤΦ</subfield>
   <subfield code="p">00162800</subfield>
   <subfield code="q">00162800</subfield>
   <subfield code="t">LOAN</subfield>
   <subfield code="y">23</subfield>
   <subfield code="4">2</subfield>
  </datafield>
  <datafield tag="852" ind1=" " ind2=" ">
   <subfield code="a">INST</subfield>
   <subfield code="b">UNIPILB</subfield>
   <subfield code="c">MAIN</subfield>
   <subfield code="e">20120910</subfield>
   <subfield code="h">338.6 WAL ΜΤΦ</subfield>
   <subfield code="p">00166001</subfield>
   <subfield code="q">00166001</subfield>
   <subfield code="t">LOAN</subfield>
   <subfield code="y">13</subfield>
   <subfield code="4">3</subfield>
  </datafield>
 </record>
</collection>
